Statistics for Fictional Schools

Click here to take the quiz!

General Stats

  • This quiz has been taken 5,656 times
  • The average score is 10 of 22

Answer Stats

SchoolAnswer% Correct
HogwartsHarry Potter
99%
Springfield ElementaryThe Simpsons
85%
Bikini Bottom ElementarySpongeBob SquarePants
81%
Xavier InstituteX-Men
75%
Starfleet AcademyStar Trek
74%
Bedrock HighThe Flintstones
67%
West Beverly HighBeverly Hills, 90210
52%
Forks High SchoolTwilight
50%
James Woods HighFamily Guy
41%
Sunnydale HighBuffy the Vampire Slayer
35%
Duckburg HighDuck Tales
35%
Bayside High SchoolSaved by the Bell
34%
McKinley HighGlee
32%
Greendale Community CollegeCommunity
30%
Hill Valley HighBack to the Future
28%
East High SchoolHigh School Musical
28%
WizTechWizards of Waverly Place
28%
Mars UniversityFuturama
24%
Shermer HighThe Breakfast Club
16%
Battle SchoolEnder's Game
15%
Constance Billard School for GirlsGossip Girl
14%
East Great Falls HighAmerican Pie
12%

Score Distribution

Percentile by Number Answered

Percent of People with Each Score

Your Score History

You have not taken this quiz